Т. 93, № 6; Журнал физической химии

Chi tiết về thư mục
Parent link:Журнал физической химии/ Российская академия наук ; Отделение химии и наук о материалах РАН. Т. 93, № 6.— , 1931-
Ngôn ngữ:Tiếng Nga
Được phát hành: 2019
Truy cập trực tuyến:https://sciencejournals.ru/view-issue/?j=fizkhim&y=2019&v=93&n=6
https://elibrary.ru/contents.asp?id=37310522
Định dạng: Điện tử Sách
KOHA link:https://koha.lib.tpu.ru/cgi-bin/koha/opac-detail.pl?biblionumber=583704

MARC

LEADER 00000nam2a2200000 4500
001 583704
005 20231101131033.0
035 |a (RuTPU)RU\TPU\prd\284863 
035 |a RU\TPU\prd\284862 
090 |a 583704 
100 |a 20190621a19309999k y0rusy50 ca 
101 0 |a rus 
102 |a RU 
181 0 |a i  
182 0 |a b 
200 0 |a Т. 93, № 6  |b Электронный ресурс 
203 |a Текст  |c электронный 
210 |d 2019 
461 1 |0 (RuTPU)RU\TPU\prd\167  |t Журнал физической химии  |f Российская академия наук ; Отделение химии и наук о материалах РАН  |v Т. 93, № 6  |d 1931- 
801 0 |a RU  |b 63413507  |c 20010227  |g PSBO 
801 1 |a RU  |b 63413507  |c 20160309 
801 2 |a RU  |b 63413507  |c 20221219  |g RCR 
856 4 0 |u https://sciencejournals.ru/view-issue/?j=fizkhim&y=2019&v=93&n=6 
856 4 0 |u https://elibrary.ru/contents.asp?id=37310522 
942 |c BK